| 000 | 02980nam a2200337 i 4500 | ||
|---|---|---|---|
| 001 | 193040 | ||
| 003 | SpMaBN | ||
| 005 | 20250316063057.0 | ||
| 008 | 230726s2023 sp | |||| 000 0 spa | ||
| 015 | _aMON23 | ||
| 017 |
_aM 4896-2023 _bOficina Depósito Legal Madrid |
||
| 020 | _a9788418922633 | ||
| 035 | _aa7330116 | ||
| 040 |
_aSpMaBN _bspa _cSpMaBN _erda _dEs-MaACL |
||
| 100 | 1 |
_aLópez Expósito, Ana María _eaut _9176562 |
|
| 245 | 1 |
_aMil caras de mujer : _bpoemas dedicados a mujeres sobresalientes / _cAna María López Expósito |
|
| 260 |
_a[Madrid] : _bDiwan Mayrit, _c2023 |
||
| 300 |
_a259 p. ; _c21 cm |
||
| 336 |
_aTexto _2rdacontent |
||
| 337 |
_asin mediación _2rdamedia |
||
| 338 |
_avolumen _2rdacarrier |
||
| 500 | _aLa palabra "mujer" constituye la columna vertebral del libro. Tres apartados diferentes dan identidad y entidad al poemario: el primero de ellos lleva por título Grandes mujeres que cambiaron el mundo; la autora ha elegido a mujeres de diversos ámbitos, épocas y lugares cuya aportación ha sido decisiva para transformar el universo y ha dedicado un poema a cada una de ellas, entre las que cabe destacar a Enheduanna, Safo, Olympe de Gouges, Marie Curie, Rosa Parks, María Montessori, Ana Frank, Malaya Yousafzai, entre otras; el segundo apartado lleva por título La mujer del siglo XXI; consta de poemas en los que se hace alusión a mujeres españolas y de diversas culturas; el tercer apartado está dedicado al tema de la amistad, que la autora titula Alma que habita en dos cuerpos. Afirma la autora: «Sin mujer no hay mundo, ni poesía». En los poemas se abordan otros temas de interés general en conexión con la trayectoria personal de la autora y su compromiso con el universo como ciudadana del cosmos, con la filosofía, la autoestima, la empatía, la asertividad, la familia, la amistad, la música, el arte, la libertad, el cine, la naturaleza, el viaje, las mujeres de diferentes culturas, las reivindicaciones... Estos poemas son un canto a la vida; todos ellos con un nexo común, "hablan desde el corazón". El poemario es más que un libro, es un modo de expresión único, una arquitectura introspectiva, que se traduce en una mirada caleidoscópica sobre diversos aspectos del mundo de la mujer, relacionados con el bagaje de la autora. Cada uno de sus poemas da diferente forma en su conjunto a su edificio, un andamiaje del rico mundo interior de una persona polifacética que pone al desnudo su alma. | ||
| 655 | 7 |
_aPoesías _2tgfbne _9176539 |
|
| 852 |
_aEs-MaACL _cDEPOJ _jN-8861 _hDonación: Ana María López Expósito _xRústica con solpas _9200345 |
||
| 852 |
_aEs-MaACL _cDEPOJ _jN-8901 _hDonación: Ana María López Expósito _xRústica con solpas _9203917 _tDuplicado |
||
| 903 |
_aLópez Expósito, Ana María _ednr _9176562 |
||
| 942 |
_cMONOGRAFIA _n0 |
||
| 999 |
_c193040 _d193040 |
||